[Event "Challenge"]
[Site "http://www.queenalice.com/game.php?id=1173351"]
[Date "2013.4.19"]
[Round "-"]
[White "ki2013"]
[Black "FabRennes"]
[Result "1-0"]
[WhiteElo "1617"]
[BlackElo "1467"]

1. e4 e5 2. Nf3 Nc6 3. Bb5 Bb4 4. Bxc6 dxc6 5. Nxe5 Qd4 6. c3 Qxe4+ 7. Qe2 Bf5
8. Qxe4 Bxe4 9. cxb4 Nf6 10. f3 Bg6 11. Nxg6 hxg6 12. Nc3 O-O-O 13. O-O g5 14.
Ne4 Nd5 15. Nxg5 Rdf8 16. a3 Rh5 17. d3 Rfh8 18. h3 f6 19. Ne4 g5 20. Nf2 b5 21.
Bd2 Nf4 22. Bxf4 gxf4 23. Rae1 Re5 24. Rxe5 fxe5 25. Ng4 Rd8 26. Nxe5 1-0

[Event "Challenge 5"]
[Site "http://www.queenalice.com/game.php?id=1183555"]
[Date "2013.5.22"]
[Round "-"]
[White "renet54"]
[Black "FabRennes"]
[Result "1-0"]
[WhiteElo "1665"]
[BlackElo "1457"]

1. d4 d5 2. c4 Bf5 3. cxd5 Qxd5 4. Qa4+ b5 5. Nc3 c6 6. Nxd5 bxa4 7. Nc7+ Kd8 8.
Nxa8 Nf6 9. Bf4 Nbd7 10. Rc1 e6 11. a3 Ne4 12. Rxc6 Be7 13. Bc7+ Ke8 14. e3 f6
15. Ra6 Nc3 16. bxc3 Bxa3 17. Rxa7 Kf7 18. Bf4 Rc8 19. Rxd7+ Ke8 20. Bb5 Rxc3
21. Rc7+ Kd8 22. Rxc3 Bb4 23. Bc7+ Ke7 24. Kd2 a3 25. Nf3 Be4 26. Ra1 Bxa8 27.
d5 Bxd5 28. Nd4 e5 29. Nc6+ Bxc6 30. Bxc6 e4 31. Bxe4 g6 32. Rxa3 f5 33. Ra7
fxe4 34. Ba5+ 1-0

[Event "Challenge 6"]
[Site "http://www.queenalice.com/game.php?id=1189688"]
[Date "2013.6.10"]
[Round "-"]
[White "FabRennes"]
[Black "renet54"]
[Result "1-0"]
[WhiteElo "1449"]
[BlackElo "1709"]

1. e4 c5 2. Nc3 e6 3. Nf3 a6 4. Ne5 Qf6 5. Ng4 Qd8 6. Qf3 Qe7 7. Na4 Nc6 8. Nb6
Nd4 9. Qf4 Nxc2+ 10. Kd1 Nxa1 11. Nxa8 c4 12. Nc7+ Kd8 13. Na8 Nf6 14. Qc7+ Ke8
15. Qxc8+ Qd8 16. Nxf6+ gxf6 17. Nc7+ Ke7 18. Qxb7 Bh6 19. b3 Qg8 20. Ba3+ Kd8
21. Qb8# 1-0

[Event "Let's Play Chess!"]
[Site "http://www.queenalice.com/game.php?id=1204140"]
[Date "2013.8.1"]
[Round "-"]
[White "marreta7"]
[Black "FabRennes"]
[Result "1-0"]
[WhiteElo "1536"]
[BlackElo "1477"]

1. e4 e5 2. Nf3 Nc6 3. a3 Nf6 4. Bc4 Nxe4 5. d3 d5 6. dxe4 dxc4 7. Nc3 Bg4 8. h3
Qh4 9. Nxh4 Bxd1 10. Nxd1 Nd4 11. O-O Ne2+ 12. Kh1 g5 13. Bxg5 h6 14. Bf6 Rg8
15. Bxe5 O-O-O 16. Re1 1-0

[Event "Challenge 7"]
[Site "http://www.queenalice.com/game.php?id=1232910"]
[Date "2013.11.17"]
[Round "-"]
[White "renet54"]
[Black "FabRennes"]
[Result "0-1"]
[WhiteElo "1563"]
[BlackElo "1463"]

1. d4 d5 2. Nf3 Nc6 3. c4 Nb4 4. Qa4+ Nc6 5. e3 e6 6. cxd5 Qxd5 7. Bc4 Bb4+ 8.
Bd2 Qxc4 9. Na3 Bxd2+ 10. Nxd2 Qxa4 11. O-O Nf6 12. Rac1 e5 13. dxe5 Nd5 14.
Rfe1 Be6 15. Nac4 Ndb4 16. a3 Nd3 0-1

[Event "Challenge 8"]
[Site "http://www.queenalice.com/game.php?id=1236426"]
[Date "2013.11.29"]
[Round "-"]
[White "FabRennes"]
[Black "renet54"]
[Result "1-0"]
[WhiteElo "1483"]
[BlackElo "1543"]

1. e4 e5 2. Bc4 f5 3. exf5 Qe7 4. Qh5+ Kd8 5. d3 Nf6 6. Qf7 Qc5 7. Bg5 Be7 8.
Qxg7 c6 9. Qxh8+ Kc7 10. Be3 Qb4+ 11. c3 Qxb2 12. Nf3 Ng4 13. O-O Qxa1 14. Rc1
Nxe3 15. Qxe5+ Bd6 16. Qxe3 a5 17. f6 Ba3 18. Nxa3 1-0

[Event "Challenge 9"]
[Site "http://www.queenalice.com/game.php?id=1237765"]
[Date "2013.12.5"]
[Round "-"]
[White "renet54"]
[Black "FabRennes"]
[Result "1-0"]
[WhiteElo "1539"]
[BlackElo "1501"]

1. e4 e5 2. Nf3 d6 3. d4 d5 4. dxe5 dxe4 5. Qxd8+ Kxd8 6. Bg5+ Be7 7. Bxe7+ Nxe7
8. Ng5 Ke8 9. Nc3 Bf5 10. O-O-O h6 11. Ngxe4 Nbc6 12. Bb5 a6 13. Bc4 Nb4 14. Rd2
Nec6 15. Ng3 Nxe5 16. Re1 f6 17. Nxf5 Kf8 18. Kb1 Nxc4 19. Rde2 g6 20. Nd4 Kg7
21. Re7+ Kf8 22. Rxc7 Nd2+ 23. Kc1 b5 24. Ree7 Nc4 25. Ne6+ Kg8 26. Rg7# 1-0

[Event "Challenge10"]
[Site "http://www.queenalice.com/game.php?id=1349376"]
[Date "2015.3.23"]
[Round "-"]
[White "renet54"]
[Black "FabRennes"]
[Result "0-1"]
[WhiteElo "1517"]
[BlackElo "1502"]

1. d4 d5 2. Nf3 Nc6 3. c4 e6 4. a3 Nf6 5. Nc3 dxc4 6. e3 h6 7. Bxc4 g5 8. O-O
Bd6 9. Re1 g4 10. Nh4 Ne4 11. Qxg4 Nxf2 12. Kxf2 e5 13. Qg7 Qxh4+ 14. Kf1 Rf8
15. Bxf7+ Kd8 16. dxe5 Nxe5 17. Rd1 Rxf7+ 18. Qxf7 Nxf7 19. Bd2 Bxh2 20. Nb5
Qc4+ 21. Ke1 Bg3# 0-1

[Event "Challenge11"]
[Site "http://www.queenalice.com/game.php?id=1358631"]
[Date "2015.5.10"]
[Round "-"]
[White "FabRennes"]
[Black "renet54"]
[Result "0-1"]
[WhiteElo "1503"]
[BlackElo "1401"]

1. e4 e5 2. Nf3 Nc6 3. Bc4 Bc5 4. Ng5 Qxg5 5. d3 Qxg2 6. Kd2 Qxf2+ 7. Qe2 Qxe2+
8. Kxe2 Nf6 9. Nc3 Nd4+ 10. Kf2 Nxc2+ 11. Be3 Bxe3+ 12. Kf3 Nxa1 13. Rxa1 O-O
14. Kxe3 Ng4+ 15. Ke2 d6 16. Nd5 Nxh2 17. Ne7+ Kh8 18. Rh1 Ng4 19. Nxc8 Raxc8
0-1

[Event "Challenge"]
[Site "http://www.queenalice.com/game.php?id=1359531"]
[Date "2015.5.14"]
[Round "-"]
[White "FabRennes"]
[Black "gabi223"]
[Result "0-1"]
[WhiteElo "1525"]
[BlackElo "1373"]

1. e4 e5 2. Nf3 Nc6 3. Nc3 Nf6 4. Bc4 h6 5. O-O d6 6. d3 Bg4 7. b3 Nb4 8. Ba3 d5
9. exd5 Nbxd5 10. Nxd5 Nxd5 0-1

[Event "Let's Play 407"]
[Site "http://www.queenalice.com/game.php?id=1633305"]
[Date "2020.11.17"]
[Round "-"]
[White "FabRennes"]
[Black "digger"]
[Result "1-0"]
[WhiteElo "1483"]
[BlackElo "1666"]

1. e4 d5 2. d3 d4 3. Nf3 Bg4 4. h3 Bxf3 5. Qxf3 c6 6. a3 e6 7. h4 e5 8. Qf5 Nd7
9. g3 Ne7 10. Qg4 h5 11. Qh3 Qc7 12. Nd2 O-O-O 13. b4 Kb8 14. Nc4 f6 15. Ne3
dxe3 16. Bxe3 c5 17. Ra2 b6 18. Qe6 Qc6 19. Bh3 cxb4 20. axb4 Qb5 21. Qd6+ Ka8
22. Rxa7+ Kxa7 23. Qc7+ Ka8 24. O-O Rc8 25. Ra1+ Qa5 26. Rxa5+ bxa5 27. Qa7# 1-0

[Event "Challenge 2"]
[Site "http://www.queenalice.com/game.php?id=1633613"]
[Date "2020.11.20"]
[Round "-"]
[White "digger"]
[Black "FabRennes"]
[Result "1-0"]
[WhiteElo "1564"]
[BlackElo "1506"]

1. d4 d5 2. Nf3 Nf6 3. e3 e6 4. Ne5 g6 5. Nc3 c6 6. Bd3 Ne4 7. Qf3 f6 8. Ng4 f5
9. Ne5 Nxc3 10. bxc3 Nd7 11. Nxd7 Bxd7 12. c4 Qa5+ 13. Bd2 Bb4 14. Qe2 O-O-O 15.
c3 Bxc3 16. Rd1 Rhe8 17. O-O e5 18. Bxc3 Qc7 19. a4 e4 20. f4 exd3 21. Rxd3 dxc4
22. Rdd1 c5 23. d5 Bxa4 24. Ra1 b5 25. Qd2 Qe7 26. Be5 c3 27. Qxc3 b4 28. Qc4
Qb7 29. Qxc5+ Kd7 30. Rac1 Qb6 31. Qxb6 axb6 32. Rc4 1-0

[Event "AUTO-INT-3879"]
[Site "http://www.queenalice.com/game.php?id=1837242"]
[Date "2024.5.21"]
[Round "1"]
[White "game"]
[Black "FabRennes"]
[Result "0-1"]
[WhiteElo "1519"]
[BlackElo "1505"]

1. e4 d6 2. Nf3 e5 3. d4 d5 4. dxe5 dxe4 5. Ng5 Nf6 6. exf6 Qxf6 7. Bc4 Bb4+ 8.
c3 Be7 9. Bxf7+ Kf8 10. Bd5 Nc6 11. Nf7 Ne5 12. Nxh8 Nd3+ 13. Kf1 Qxf2# 0-1

[Event "AUTO-INT-3879"]
[Site "http://www.queenalice.com/game.php?id=1837243"]
[Date "2024.5.21"]
[Round "1"]
[White "FabRennes"]
[Black "game"]
[Result "1-0"]
[WhiteElo "1522"]
[BlackElo "1502"]

1. c4 d6 2. Nc3 Bf5 3. e4 Bg6 4. d3 c5 5. h4 Nf6 6. h5 Bxh5 7. Rxh5 Nxh5 8. Qxh5
e5 9. Bg5 Be7 10. Nf3 Nd7 11. Nd5 Qa5+ 12. b4 cxb4 13. Bxe7 Nb6 14. Nxe5 dxe5
15. Bxb4 Qa4 16. Qxe5+ Kd8 17. Qe7+ Kc8 18. Qc7# 1-0